| 000 | 00454nam a22001577a 4500 | ||
|---|---|---|---|
| 008 | 151007b xxu||||| |||| 00| 0 eng d | ||
| 020 | _a0130488402 | ||
| 041 | 0 | _aeng | |
| 080 | _a61 | ||
| 100 | 1 | _aWingerd, Bruce D. | |
| 245 | 1 | 0 |
_aUnlocking medical terminology / _cBruce Wingerd. |
| 260 |
_aUpper Saddle River, N.J. : _bPearson/Prentice Hall, _c2006. |
||
| 300 |
_axxv, 752 f. : _bme il.; _c28 cm. |
||
| 650 | 0 |
_aMjekësi _vTerminologji |
|
| 942 |
_2udc _cBK |
||
| 999 |
_c1234 _d1234 |
||